Elías Parra (Record no. 186969)

MARC details
000 -LEADER
campo de control de longitud fija 00776nam a2200253 i 4500
001 - NÚMERO DE CONTROL
campo de control 186969
003 - IDENTIFICADOR DE NÚMERO DE CONTROL
campo de control SpMaBN
005 - FECHA Y HORA DE LA ÚLTIMA TRANSACCIÓN
campo de control 20230906222803.0
008 - DATOS DE LONGITUD FIJA--INFORMACIÓN GENERAL
campo de control de longitud fija 170316s1992 sp a |||| |dspa d
020 ## - NÚMERO INTERNACIONAL ESTÁNDAR DEL LIBRO
Número Internacional Estándar del Libro 84-88186-53-3
080 ## - NÚMERO DE LA CLASIFICACIÓN DECIMAL UNIVERSAL
Número de la Clasificación Decimal Universal 74 Parra, Elías
100 1# - ENTRADA PRINCIPAL--NOMBRE DE PERSONA
Nombre de persona Parra, Elías.
9 (RLIN) 162096
245 10 - MENCIÓN DEL TÍTULO
Título Elías Parra
Resto del título : deconstrucción mediterránea /
Mención de responsabilidad, etc. Manuel Rodríguez Díaz.
246 3# - FORMA VARIANTE DEL TITULO
Título propio/Titulo breve Formas plásticas
260 ## - PUBLICACIÓN, DISTRIBUCIÓN, ETC.
Lugar de publicación, distribución, etc. Madrid :
Nombre del editor, distribuidor, etc. MRD Grupo,
Fecha de publicación, distribución, etc. [1992]
300 ## - DESCRIPCIÓN FÍSICA
Extensión 63 p. :
Otras características físicas il. ;
Dimensiones 25 cm.
490 1# - MENCIÓN DE SERIE
Mención de serie Esquemas
595 ## -
-- Suplemento de: Formas plásticas, n. 47.
600 17 - PUNTO DE ACCESO ADICIONAL DE MATERIA--NOMBRE DE PERSONA
Nombre de persona Parra, Elías.
9 (RLIN) 162096
700 1# - ENTRADA AGREGADA--NOMBRE PERSONAL
Nombre de persona Díaz Rodríguez, Manuel.
9 (RLIN) 44411
830 0# - PUNTO DE ACCESO ADICIONAL DE SERIE-TÍTULO UNIFORME
Título uniforme Esquemas
9 (RLIN) 181678
852 ## - LOCALIZACIÓN
Ubicación ES-MaACL
Número de control de estantería L-31286
Nota libre - enc. cart.
Holdings
Estatus retirado Estado de pérdida Estado de daño No para préstamo Biblioteca de origen Biblioteca actual Ubicación en estantería Fecha de adquisición Fuente de adquisición Total de préstamos Signatura topográfica completa Código de barras Visto por última vez Precio de reemplazo Tipo de ítem Koha
        Biblioteca del Ateneo de Madrid Biblioteca del Ateneo de Madrid Depósito 2 16/03/2017     L-31286 1197239 23/02/2023 23/02/2023 Libro impreso